000 01935nam2a2200289 4500
001 rc\3010541
005 20260315064142.0
035 _a(NLR Aleph) 007153104
090 _a13617139
_c13617139
100 _a20110923d1945 u y0rusy50 ca
101 0 _arus
102 _aRU
105 _aa z |||||
200 0 _aТ. 1
210 _d1945
215 _a351 с., 3 л. черт.
_cил., черт.
300 _aВ составлении 2-го изд. принимали участие также: доц. С.С. Ульрих, инж. В.Н. Попов, доц. М.М. Порфирьев и др.
300 _a1-е изд. вышло под загл.: Изыскания, проектирование и постройка железных дорог, т. III
461 0 _1001rc\3010539
_12001#$aПостройка железных дорог$eДопущ. ВКВШ при СНК СССР в качестве учебника для втузов ж.-д. транспорта$fпроф. Д.Д. Бизюкин, проф. В.К. Гониг, проф. А.В. Ливеровский$vТ. 1
_1700#1$aБизюкин$bД.Д.$gДмитрий Дмитриевич$f1885-1954
_97172060
_aБизюкин, Д.Д. (1885-1954)
_cМосква
_d1945
_e2-е изд. перераб. Под общ. ред. проф. А. В. Ливеровского
_fпроф. Д.Д. Бизюкин, проф. В.К. Гониг, проф. А.В. Ливеровский
_nизд-во и 1-я тип. Трансжелдориздата
_oДопущ. ВКВШ при СНК СССР в качестве учебника для втузов ж.-д. транспорта
_tПостройка железных дорог
_vТ. 1
702 1 _aУльрих
_bС.С.
_4220
702 1 _aПопов
_bВ.Н.
_4220
702 1 _aПорфирьев
_bМ.М.
_4220
801 0 _aRU
_bNLR
_gpsbo
801 1 _aRU
_bELAR
_2rusmarc
852 _aNLR
_jТ88 Г-5/87
942 _cUNSPEC
980 _aNB